000 00342nam a22001577a 4500
003 OSt
008 240123b |||||||| |||| 00| 0 eng d
020 _a9780670095209
082 _a813
_bCOA
100 _aCOELHO,Paulo
245 _aThe Archer
250 _a1st Ed
260 _aUK
_bPenguin Books
_c2020
300 _a130
942 _2ddc
_cBK
999 _c12194
_d12194